000 01366nam0a22002651 4500
001 rc\4975451
005 20260408074658.0
021 _aRU
_b[68-9785]
035 _a(NLR Aleph) 008978881
090 _a9172795
_c9172794
100 _a20130430d1968 |||y0rusy50 ca
101 0 _arus
102 _aRU
105 _ay z |||||
200 1 _aОсновные направления дальнейшего технического прогресса керамической промышленности Главмоспромстройматериалов
_e[Доклад]
_fДоц. Роговой А.П.
_gНауч.-техн. конференция по строительству и архитектуре. Секция "Совершенствование пром-сти строит. материалов"
210 _aМосква
_cБ. и.
_d1968
215 _a26 с.
_d21
606 _aКерамическая промышленность
_yМосковская область
_2psbo
700 1 _aРоговой
_bА.П.
712 0 2 _aМосковское главное управление промышленности строительных материалов и строительных деталей
_3RU\NLR\AUTH\8810066067
_9633759
801 0 _aRU
_bNLR
_gpsbo
801 1 _aRU
_bELAR
_2rusmarc
852 _aNLR
_j68-6/2329
942 _cBOOK
980 _aNB